|
|
|
|
| LEADER |
00000nam0a2200000 4500 |
| 001 |
33894 |
| 005 |
20231101210209.0 |
| 035 |
|
|
|a (RuTPU)RU\TPU\book\34265
|
| 035 |
|
|
|a BOOK00000916
|
| 090 |
|
|
|a 33894
|
| 100 |
|
|
|a 20011210d1986 m y0rusy50 ca
|
| 101 |
0 |
|
|a rus
|
| 102 |
|
|
|a RU
|
| 105 |
|
|
|a a j 001zy
|
| 200 |
1 |
|
|a Технология и оборудование сварки плавлением
|e учебное пособие
|f под ред. Г. Д. Никифорова
|
| 205 |
|
|
|a 2-е изд., перераб. и доп.
|
| 210 |
|
|
|a Москва
|c Машиностроение
|d 1986
|
| 215 |
|
|
|a 320 с.
|c ил.
|
| 320 |
|
|
|a Библиогр.: с. 315.
|
| 320 |
|
|
|a Предм. указ.: с. 315-317.
|
| 606 |
1 |
|
|a Сварка плавлением
|2 stltpush
|3 (RuTPU)RU\TPU\subj\53939
|9 72103
|
| 610 |
1 |
|
|a сварочное оборудование
|
| 610 |
1 |
|
|a технология
|
| 610 |
1 |
|
|a учебные пособия
|
| 675 |
|
|
|a 621.791.65(075.8)
|v 3
|
| 702 |
|
1 |
|a Никифоров
|b Г. Д.
|g Геннадий Дмитриевич
|
| 801 |
|
0 |
|a RU
|b 63413507
|c 20011210
|g PSBO
|
| 801 |
|
2 |
|a RU
|b 63413507
|c 20201028
|g PSBO
|
| 900 |
|
|
|a Теоретические основы сварки плавлением
|
| 900 |
|
|
|a Технология и оборудование сварки плавлением
|
| 942 |
|
|
|c BK
|
| 952 |
|
|
|a 550500
|b 120500
|